01016nam a2200301 a 4500003000900000005001700009008004100026040001300067110005100080245001100131260007500142300001100217490004800228500008200276650001400358651001400372653002700386653003100413653003300444653002800477653003000505700002100535700003600556700002000592700003000612700003700642700003500679AR-BaBNM20251128205222.0082120s2002 ||||||||||||||000 | spa|| cAR-BaBNM1 aArgentinabMinisterio de Cultura y Educación00aLengua aBuenos AiresbMinisterio de Cultura y Educación de la Naciónc1996 a322 p. 0aFuentes para la transformación curricular aContiene referencias bibliográficas y nómina de especialistas consultados 4aCURRICULO 4aArgentina aENSENANZA DE LA LENGUA aCONTENIDOS BASICOS COMUNES aENSEÑANZA DE LA LITERATURA aCONTENIDOS CURRICULARES aMODALIDADES DEL POLIMODAL1 aBombini, Gustavo1 aDíaz Rönner, María Adelia1 aKovacci, Ofelia1 aNarvaja de Arnoux, Elvira1 aPostigo de De Bedia, Ana María1 aViramonte de Avalos, Magdalena